000
00229nam a22000977a 4500
008
140110t xxu||||| |||| 00| 0 eng d
100
_a
John G. Ben jafield
_9
621
245
_a
A history of Psychology
300
_a
300
942
_2
ddc
_c
BK
999
_c
16883
_d
16883